ARRUPE JESUIT UNIVERSITY

CORONAVIRUS -STOP THE SPREAD - CLEAN,DISINFECT,COVER

Chaos: (Record no. 131695)

MARC details
000 -LEADER
fixed length control field 00377nam a22001337a 4500
008 - FIXED-LENGTH DATA ELEMENTS--GENERAL INFORMATION
fixed length control field 230322b |||||||| |||| 00| 0 eng d
020 ## - INTERNATIONAL STANDARD BOOK NUMBER
International Standard Book Number 0749386061.
050 ## - LIBRARY OF CONGRESS CALL NUMBER
Classification number Q172.5.C45 G54 1988.
100 ## - MAIN ENTRY--PERSONAL NAME
Personal name Gleick, James
9 (RLIN) 31996
245 ## - TITLE STATEMENT
Title Chaos:
Remainder of title making a new science,
Statement of responsibility, etc James, Gleick
260 ## - PUBLICATION, DISTRIBUTION, ETC. (IMPRINT)
Place of publication, distribution, etc London:
Name of publisher, distributor, etc Vintage
Date of publication, distribution, etc 1988
300 ## - PHYSICAL DESCRIPTION
Extent xi;
Other physical details 352p,
Dimensions 20cm.
942 ## - ADDED ENTRY ELEMENTS (KOHA)
Source of classification or shelving scheme Library of Congress Classification
Item type Monograph ( Printed materials)
Holdings
Withdrawn status Lost status Source of classification or shelving scheme Damaged status Not for loan Home library Current library Shelving location Date acquired Total Checkouts Full call number Barcode Date last seen Price effective from Koha item type
    Library of Congress Classification     ARRUPE LIBRARY ARRUPE LIBRARY Main Collection 22/03/2023   Q172.5.C45 G54 1988. 46700001121 22/03/2023 22/03/2023 Monograph ( Printed materials)

 

Arrupe Library. PO Box MP320 Mt Pleasant, Harare, Zimbabwe
263 242 745411|librarian@aju.ac.zw